000 00285nam a22001337a 4500
008 180315b xxu||||| |||| 00| 0 eng d
020 _a9781269885362
041 _aeng
080 _a78
100 _a43
101 _aMUZ
245 _aLISTEN TO THIS
_cBONDS.M.E
942 _2udc
_cBK
999 _c45101
_d45101